| 000 | 00796cas a2200253 4500 | ||
|---|---|---|---|
| 001 | 8343 | ||
| 003 | BD-RjUL | ||
| 005 | 20211208234553.0 | ||
| 008 | 140118s1979 enkar r 0 0eng c | ||
| 035 |
_a(BD-RjUL)8388 _a(OCoLC)ocm04625420 |
||
| 040 |
_aOCl _beng _cOCl _dDLC _dNST _dN _dNST _dNN _dOCoLC _dBD-RjUL |
||
| 041 | _aeng | ||
| 082 | 0 | 0 |
_a387.73340423 _218 _bENW 1979 |
| 100 | 1 |
_aEndres, Günter G., _925994 |
|
| 245 | 0 | 0 |
_aWorld airline fleets 1979 / _cGünter G. Endres. |
| 260 |
_aHounslow [Eng.] : _bAirline Publications & Sales, _c1979. |
||
| 300 |
_a480 p. : _bill. ; _c22 cm. |
||
| 650 | 0 |
_aAirplanes _vRegisters. _925995 |
|
| 650 | 0 |
_aAirlines _vDirectories. _925996 |
|
| 785 | 0 | 0 | _tWorld airline fleets directory |
| 942 |
_2ddc _cBK |
||
| 999 |
_c8343 _d8343 |
||